000 00779nam a2200253Ia 4500
003 OSt
005 20220918171409.0
006 a|||||r|||| 00| 0
007 ta
008 220917b |||||||| |||| 00| 0 eng d
020 _a9781616146429
_c1818.24
024 _a270,874
037 _b657, 31/05/2013, The Book Seller
_cTextual
040 _aARTS
_cARTS
_beng
041 _2eng
_aeng
082 _aR3xL70:g, Q2
100 _aWheat Leonard F.
_936341
245 0 _aHegel's
_b Undiscovered thesis antithesis - synthesis dialectics
260 _aNew York
_bPrometheus Books U.S.A
_c2012
300 _a444p.
_ccm.
650 _aPHILOSOPHY
942 _hR3xL70:g, Q2
_cTEXL
_2CC
999 _c139395
_d139395